Catálogo Biblioteca Central

Los problemas de la Unión monetaria entre países latinoamericanos (Registro nro. 53105)

Detalles MARC
000 -CABECERA
campo de control de longitud fija 00700naa a2200217 i 4500
001 - NÚMERO DE CONTROL
campo de control 53105
003 - IDENTIFICADOR DEL NÚMERO DE CONTROL
campo de control ES-MaBCM
005 - FECHA Y HORA DE LA ÚLTIMA TRANSACCIÓN
campo de control 20250206072550.0
008 - CÓDIGOS DE INFORMACIÓN DE LONGITUD FIJA
campo de control de longitud fija 971212s1993 esp 000 0 spa d
021 ## -
-- xx
035 ## - NÚMERO DE CONTROL DEL SISTEMA
Número de control de sistema (OCoLC)1365130058
040 ## - FUENTE DE LA CATALOGACIÓN
Centro transcriptor ES-MaBCM
041 0# - CÓDIGO DE LENGUA
Código de lengua del texto/banda sonora o título independiente spa
043 ## - CÓDIGO DE ÁREA GEOGRÁFICA
Código de área geográfica esp
100 1# - PUNTO DE ACCESO PRINCIPAL - NOMBRE DE PERSONA
Nombre de persona Alemann, Roberto T.
9 (RLIN) 839
245 10 - MENCIÓN DE TÍTULO
Título Los problemas de la Unión monetaria entre países latinoamericanos
Mención de responsabilidad etc. Roberto T. Alemann
650 27 - PUNTO DE ACCESO ADICIONAL DE MATERIA--TÉRMINO DE MATERIA
Término de materia o nombre geográfico como elemento inicial Unión Económica y Monetaria
9 (RLIN) 60566
651 24 - PUNTO DE ACCESO ADICIONAL DE MATERIA--NOMBRE GEOGRÁFICO
Nombre geográfico América Latina
9 (RLIN) 115440
773 0# - ENLACE AL DOCUMENTO FUENTE
Encabezamiento principal En:
Título Anales de la Real Academia de Ciencias Morales y Políticas
Lugar editor y fecha de publicación Madrid : 1993
Número de control del registro relacionado 104864
Parte(s) relacionada(s) año XLV, n. 70, p. 125-135. - Loc. S.5
942 ## - ELEMENTOS DE PUNTO DE ACCESO ADICIONAL (KOHA)
Tipo de ítem Koha Artículos de revistas
Existencias
Estado de retiro Estado de pérdida Estado dañado No para préstamo Localización permanente Ubicación/localización actual Fecha de adquisición Precio válido a partir de Tipo de ítem Koha
        Biblioteca Central del Ministerio de la Presidencia Biblioteca Central del Ministerio de la Presidencia 21/04/2012 21/04/2012 Artículos de revistas